000 00476nam a2200181Ia 4500
008 240925s9999 xx 000 0 und d
020 _a9788126537082
082 _a658.404 MER
100 _aMeredith, jack R.
245 0 _aProject Management: a managerial approach
250 _a8th
260 _aNew Delhi:
_bWiley Eastern
_c,2012.
300 _aVarious pages
_bNA
_fOriginal
500 _aIncludes Index
600 _aManagement
650 _aManagement
942 _cBK
999 _c15569
_d15569